Passage à l’âge d’homme (Cultures et sociétés, n° 9, 2009) (notice n° 1744486)
[ vue normale ]
| 000 -LEADER | |
|---|---|
| fixed length control field | 00486cam a2200145 4500500 |
| 005 - DATE AND TIME OF LATEST TRANSACTION | |
| control field | 20260322004950.0 |
| 041 ## - LANGUAGE CODE | |
| Language code of text/sound track or separate title | fre |
| 042 ## - AUTHENTICATION CODE | |
| Authentication code | dc |
| 100 10 - MAIN ENTRY--PERSONAL NAME | |
| Personal name | Marmet, Carole |
| Relator term | author |
| 245 00 - TITLE STATEMENT | |
| Title | Passage à l’âge d’homme (Cultures et sociétés, n° 9, 2009) |
| 260 ## - PUBLICATION, DISTRIBUTION, ETC. | |
| Date of publication, distribution, etc. | 2011.<br/> |
| 500 ## - GENERAL NOTE | |
| General note | 14 |
| 786 0# - DATA SOURCE ENTRY | |
| Note | Le Sociographe | 34 | 1 | 2011-01-01 | p. 106s-119s | 1297-6628 |
| 856 41 - ELECTRONIC LOCATION AND ACCESS | |
| Uniform Resource Identifier | <a href="https://shs.cairn.info/revue-le-sociographe-2011-1-page-106s?lang=fr&redirect-ssocas=7080">https://shs.cairn.info/revue-le-sociographe-2011-1-page-106s?lang=fr&redirect-ssocas=7080</a> |
Pas d'exemplaire disponible.




Réseaux sociaux